Some characteristics of a sample patients attending three psychiatric outpatient clinics in Melaka, 1987 /
Saved in:
| Main Author: | |
|---|---|
| Format: | Thesis Book |
| Language: | English |
| Published: |
1988.
|
| Subjects: | |
| Tags: |
Add Tag
No Tags, Be the first to tag this record!
|
| LEADER | 00891cam a2200253 4500 | ||
|---|---|---|---|
| 001 | u84901 | ||
| 003 | SIRSI | ||
| 008 | 891116s1988 my t 0 eng | ||
| 015 | |a X890082016 | ||
| 035 | |a AAJ-2298 | ||
| 040 | |a UMP | ||
| 043 | |a a-my-me | ||
| 096 | |a WM29.5 |b Azih 1988 | ||
| 100 | 0 | 0 | |a Azizah Harun. |
| 245 | 1 | 0 | |a Some characteristics of a sample patients attending three psychiatric outpatient clinics in Melaka, 1987 / |c by Azizah bte Harun. |
| 260 | |c 1988. | ||
| 300 | |a v, 91 leaves : |b ill. ; |c 29 cm. | ||
| 502 | |a Dissertation (M.P.H.) -- Jabatan Perubatan Kemasyarakatan & Pencegahan, Fakulti Perubatan, Universiti Malaya, 1988. | ||
| 504 | |a Bibliography: leaves 74-78. | ||
| 650 | 2 | |a Outpatient Clinics, Hospital. | |
| 650 | 2 | |a Psychiatry. | |
| 948 | |a 17/03/1991 |b 18/06/1997 | ||
| 596 | |a 2 | ||
| 999 | |a WM29.5 AZIH 1988 |w LC |c 1 |i A502457381 |l STACKS |m P02MEDKL |r Y |s Y |t TESIS |u 1/10/1995 | ||
